[Event "Helsingor Xtracon op"]
[Site "Helsingor"]
[Date "2019.07.27"]
[Round "9"]
[White "Amin, Idris"]
[Black "Stromhaug, Kristoffer Wang"]
[Result "1-0"]
[WhiteElo "1853"]
[BlackElo "1566"]
[PlyCount "25"]
[EventDate "2019.07.20"]
[EventType "swiss"]
[EventRounds "10"]
[EventCountry "DEN"]
[SourceTitle "CBM 191 Extra"]
[Source "ChessBase"]
[SourceDate "2019.09.30"]
[SourceVersion "1"]
[SourceVersionDate "2019.09.30"]
[SourceQuality "1"]

1. d4 d5 2. Bf4 Bf5 3. e3 e6 4. Bd3 Bg6 5. h4 f6 6. h5 Bf7 7. c3 Bd6 8. Qg4 Bxf4 9. Qxg7 Bh6 10. Qxh8 Nc6 11. Bxh7 Nce7 12. Bg6 f5 13. Qh7 1-0

[Event "Helsingor Xtracon op"]
[Site "Helsingor"]
[Date "2019.07.22"]
[Round "4"]
[White "Olsen, Kim Alex"]
[Black "Amin, Idris"]
[Result "0-1"]
[WhiteElo "1651"]
[BlackElo "1853"]
[PlyCount "44"]
[EventDate "2019.07.20"]
[EventType "swiss"]
[EventRounds "10"]
[EventCountry "DEN"]
[SourceTitle "CBM 191 Extra"]
[Source "ChessBase"]
[SourceDate "2019.09.30"]
[SourceVersion "1"]
[SourceVersionDate "2019.09.30"]
[SourceQuality "1"]

1. d4 g6 2. Bf4 Bg7 3. Nf3 c5 4. c3 Qb6 5. Qc2 Nf6 6. e3 d6 7. h3 Bf5 8. Qc1 0-0 9. Nbd2 cxd4 10. exd4 Nd5 11. Bg5 Rc8 12. Nc4 Qd8 13. Nh4 Be6 14. Bd3 Nxc3 15. bxc3 Bxc4 16. Bxc4 Rxc4 17. Qe3 Qa5 18. 0-0 e5 19. Qe2 Qa4 20. Be7 Nc6 21. Bxd6 exd4 22. Bb4 d3 0-1

[Event "Helsingor Xtracon op"]
[Site "Helsingor"]
[Date "2019.07.21"]
[Round "3"]
[White "Amin, Idris"]
[Black "Ivarsson, Torbjorn"]
[Result "0-1"]
[WhiteElo "1853"]
[BlackElo "2119"]
[PlyCount "114"]
[EventDate "2019.07.20"]
[EventType "swiss"]
[EventRounds "10"]
[EventCountry "DEN"]
[SourceTitle "CBM 191 Extra"]
[Source "ChessBase"]
[SourceDate "2019.09.30"]
[SourceVersion "1"]
[SourceVersionDate "2019.09.30"]
[SourceQuality "1"]

1. d4 e6 2. Bf4 f5 3. c4 Nf6 4. Nc3 Bb4 5. Qb3 Nc6 6. Nf3 Ne4 7. d5 Bxc3+ 8. bxc3 Na5 9. Qa4 b6 10. dxe6 0-0 11. e3 d6 12. Bd3 Nc5 13. Qc2 Nxd3+ 14. Qxd3 Bxe6 15. Nd2 g5 16. Bg3 Qf6 17. h4 g4 18. 0-0 Qf7 19. Rfd1 Bxc4 20. Nxc4 Qxc4 21. Qc2 Rae8 22. Rd4 Qf7 23. Qa4 Re6 24. Rf4 Qe8 25. Qd4 Qb5 26. a4 Qc6 27. Qd3 Nb3 28. Rb1 Nc5 29. Qc4 d5 30. Qe2 h5 31. c4 Ne4 32. cxd5 Qxd5 33. Qa6 Re7 34. Rxe4 Qxe4 35. Rb5 c6 36. Rb3 Rd8 37. Bf4 Qc2 38. Rb4 Qd3 39. Qxd3 Rxd3 40. Kh2 Kf7 41. Rc4 c5 42. f3 Ke6 43. Kg3 Kd5 44. Rc1 c4 45. Rb1 Rexe3 46. Bxe3 Rxe3 47. Kf4 Rb3 48. Rd1+ Rd3 49. Re1 gxf3 50. gxf3 c3 51. Rc1 Kc4 52. Kxf5 Rxf3+ 53. Kg5 Kb3 54. a5 Kb2 55. Rg1 c2 56. axb6 axb6 57. Rg2 Kb1 0-1

[Event "Helsingor Xtracon op"]
[Site "Helsingor"]
[Date "2019.07.20"]
[Round "1"]
[White "Amin, Idris"]
[Black "Haubro, Martin"]
[Result "0-1"]
[WhiteElo "1853"]
[BlackElo "2356"]
[PlyCount "44"]
[EventDate "2019.07.20"]
[EventType "swiss"]
[EventRounds "10"]
[EventCountry "DEN"]
[SourceTitle "CBM 191 Extra"]
[Source "ChessBase"]
[SourceDate "2019.09.30"]
[SourceVersion "1"]
[SourceVersionDate "2019.09.30"]
[SourceQuality "1"]

1. d4 d5 2. Bf4 c5 3. e3 cxd4 4. exd4 Nc6 5. c3 Bf5 6. g4 Be4 7. f3 Bg6 8. h4 h5 9. Bd3 Bxd3 10. Qxd3 e6 11. g5 Bd6 12. Bxd6 Qxd6 13. Ne2 Nge7 14. Nd2 0-0 15. f4 g6 16. Qf3 b5 17. Ng3 b4 18. Rf1 bxc3 19. bxc3 Qa3 20. Qd3 Nb4 21. Qb1 Qxc3 22. Rf3 Qxa1 0-1

[Event "Helsingor Xtracon op"]
[Site "Helsingor"]
[Date "2018.07.26"]
[Round "7"]
[White "Hakansson, Stefan"]
[Black "Amin, Idris"]
[Result "1-0"]
[WhiteElo "2019"]
[BlackElo "1855"]
[PlyCount "89"]
[EventDate "2018.07.21"]
[EventType "swiss"]
[EventRounds "10"]
[EventCountry "DEN"]
[SourceTitle "CBM 185 Extra"]
[Source "ChessBase"]
[SourceDate "2018.07.29"]
[SourceVersion "1"]
[SourceVersionDate "2018.07.29"]
[SourceQuality "1"]

1. d4 Nf6 2. c4 g6 3. Nc3 Bg7 4. e4 d6 5. Nge2 c5 6. d5 a6 7. Ng3 h5 8. h4 Bd7 9. a4 e6 10. Be2 exd5 11. exd5 Ng4 12. Nce4 Qb6 13. a5 Qc7 14. Qb3 f5 15. Qxb7 Ra7 16. Qxc7 Rxc7 17. Bxg4 hxg4 18. Nxd6+ Ke7 19. Bf4 Ra7 20. 0-0 Ra8 21. Rab1 Ba4 22. b3 Bd7 23. Rfe1+ Kf8 24. Nb7 Bc3 25. Rec1 Bb4 26. Bd6+ Kf7 27. Bxc5 Bxc5 28. Nxc5 Rxh4 29. Re1 f4 30. Ne2 g3 31. fxg3 fxg3 32. Nxg3 Bf5 33. Nxf5 gxf5 34. Re6 Ra7 35. Rf1 Rh5 36. g4 Rh3 37. Rxf5+ Kg7 38. Kg2 Rc3 39. Re8 Nd7 40. Re7+ Kg6 41. Nxd7 Ra8 42. Nf8+ Rxf8 43. Rxf8 Rxb3 44. d6 Rb2+ 45. Kf3 1-0

[Event "Helsingor Xtracon op"]
[Site "Helsingor"]
[Date "2017.07.28"]
[Round "8"]
[White "Nielsen, John Bauneborg"]
[Black "Amin, Idris"]
[Result "0-1"]
[WhiteElo "2125"]
[BlackElo "1819"]
[PlyCount "94"]
[EventDate "2017.07.22"]
[EventType "swiss"]
[EventRounds "10"]
[EventCountry "DEN"]
[SourceTitle "CBM 179 Extra"]
[Source "ChessBase"]
[SourceDate "2017.08.23"]
[SourceVersion "1"]
[SourceVersionDate "2017.08.23"]
[SourceQuality "1"]

1. d4 d6 2. g3 g6 3. Bg2 Bg7 4. Nf3 Nf6 5. 0-0 0-0 6. c4 c6 7. b3 a5 8. a3 Bf5 9. Bb2 Qb6 10. Nc3 Na6 11. Nh4 Be6 12. e4 Ne8 13. d5 Bd7 14. Na4 Qa7 15. Bxg7 Nxg7 16. Nc3 Qb6 17. Re1 Qc7 18. Ra2 Rad8 19. Rae2 f6 20. h3 Rf7 21. Nf3 c5 22. Kh2 Qc8 23. Ng1 Nc7 24. a4 Rdf8 25. f4 h5 26. Nf3 Nce8 27. Qd3 Qc7 28. Nh4 Kh7 29. e5 Bf5 30. Nxf5 Nxf5 31. Be4 fxe5 32. g4 hxg4 33. hxg4 Nh4 34. Qh3 Kg7 35. Kg1 Rh8 36. Rh2 Rxf4 37. Qg3 Nf6 38. Rxh4 Rxh4 39. Qxh4 Rxg4+ 40. Qxg4 Nxg4 41. Bf3 Qd7 42. Kg2 Qf5 43. Ne4 Qf4 44. Rh1 Nf6 45. Re1 g5 46. Nf2 g4 47. Be4 g3 0-1

[Event "Helsingor Xtracon op"]
[Site "Helsingor"]
[Date "2017.07.23"]
[Round "3"]
[White "Amin, Idris"]
[Black "Winfridsson, Hakan"]
[Result "0-1"]
[WhiteElo "1819"]
[BlackElo "2081"]
[PlyCount "126"]
[EventDate "2017.07.22"]
[EventType "swiss"]
[EventRounds "10"]
[EventCountry "DEN"]
[SourceTitle "CBM 179 Extra"]
[Source "ChessBase"]
[SourceDate "2017.08.23"]
[SourceVersion "1"]
[SourceVersionDate "2017.08.23"]
[SourceQuality "1"]

1. e4 c5 2. Nf3 Nc6 3. Nc3 d6 4. d4 cxd4 5. Nxd4 e5 6. Nb3 Nf6 7. Bg5 Be7 8. Bc4 a6 9. Bxf6 Bxf6 10. Qh5 0-0 11. Nd5 Be6 12. c3 Bg5 13. h4 Bh6 14. g4 Bf4 15. g5 b5 16. Bd3 Rb8 17. Rg1 Bxd5 18. exd5 g6 19. Qf3 Na5 20. Qe4 Rc8 21. Nxa5 Qxa5 22. h5 Qd8 23. Qg2 Re8 24. hxg6 fxg6 25. a3 Qe7 26. Be4 a5 27. Qf1 Rf8 28. Qd3 Rc4 29. b3 Rc5 30. Ra2 Rfc8 31. Rc2 Qc7 32. Kf1 Rxc3 33. Rxc3 Qxc3 34. Qxb5 Bxg5 35. Qd7 Rd8 36. Qe6+ Kg7 37. Rg3 Qc1+ 38. Kg2 Qf4 39. Rg4 Qf6 40. Qxf6+ Kxf6 41. Bd3 Bf4 42. Rh4 h5 43. Rh1 Rc8 44. Bc4 Kf5 45. a4 e4 46. Rh3 Rh8 47. Bb5 Ke5 48. Bc6 g5 49. Rh1 Bd2 50. Rd1 Bb4 51. Rh1 h4 52. Rd1 Rf8 53. Bb5 Rf3 54. Bc4 Bc5 55. Rf1 h3+ 56. Kg1 Kf4 57. Kh2 g4 58. Kh1 Bxf2 59. Be2 g3 60. Bxf3 exf3 61. Rc1 Bd4 62. b4 f2 63. b5 g2+ 0-1